<?xml version="1.0" encoding="UTF-8"?>
<record
    xmlns:xsi="http://www.w3.org/2001/XMLSchema-instance"
    xsi:schemaLocation="http://www.loc.gov/MARC21/slim http://www.loc.gov/standards/marcxml/schema/MARC21slim.xsd"
    xmlns="http://www.loc.gov/MARC21/slim">

  <leader>00616nab a2200169 i 4500</leader>
  <controlfield tag="001">190401</controlfield>
  <controlfield tag="003">ES-MaACL</controlfield>
  <controlfield tag="005">20250808034530.0</controlfield>
  <controlfield tag="008">210201s1977    sp            000 0 spa d</controlfield>
  <datafield tag="245" ind1="0" ind2="0">
    <subfield code="a">Contra la pena de muerte : </subfield>
    <subfield code="b">en el Ateneo de Madrid.</subfield>
  </datafield>
  <datafield tag="650" ind1=" " ind2="7">
    <subfield code="a">Pena de muerte</subfield>
    <subfield code="2">embne</subfield>
    <subfield code="9">15915</subfield>
  </datafield>
  <datafield tag="710" ind1="2" ind2=" ">
    <subfield code="a">Ateneo de Madrid</subfield>
    <subfield code="9">1875</subfield>
  </datafield>
  <datafield tag="773" ind1="0" ind2=" ">
    <subfield code="t">El Ciervo, </subfield>
    <subfield code="d">Barcelona : [Asociaci&#xF3;n Cat&#xF3;lica Nacional de Propagandistas del Centro de Barcelona], </subfield>
    <subfield code="x">ISSN 0045-6896,</subfield>
    <subfield code="g">1977, n. 305, p. 4</subfield>
    <subfield code="0">650</subfield>
    <subfield code="w">650</subfield>
    <subfield code="9">669</subfield>
  </datafield>
  <datafield tag="942" ind1=" " ind2=" ">
    <subfield code="c">ANAB</subfield>
    <subfield code="2">udc</subfield>
  </datafield>
  <datafield tag="999" ind1=" " ind2=" ">
    <subfield code="c">190401</subfield>
    <subfield code="d">190401</subfield>
  </datafield>
</record>
